000 00603nam a2200241Ia 4500
003 OSt
005 20221007065415.0
006 a|||||r|||| 00| 0
007 ta
008 221006b |||||||| |||| 00| 0 eng d
020 _a0901759465
024 _a13,886
037 _cTextual
040 _aFLL
_cFLL
_beng
041 _2eng
_aeng
082 _aX:326, L6
100 _aAmin Samir
245 0 _aUnequal development
260 _aEngland
_bThe Harvester Press England
_c1976
300 _a440p
_ccm.
942 _hX:326, L6
_cTEXL
_2CC
999 _c1137212
_d1137212